00615cam a22002297a 4500003000500000005001700005008004100022010001000063011001000073020001800083035001100101040000900112082001500121100002200136245004500158260004500203300003000248650002300278650001500301650003000316650003900346CHAP20220329142946.0050420d2004 uk r 00110 eng d a90148 a91120 a0 521 81798 6 a101678 cCHAP04a551.45bW300aWarner, Thomas T.10aDesert meteorologyc/by Thomas T. Warner aCambridge :bThe University Press,c2004 a595 p. : mapas ; gráfs.14aDesertificación.14aDesiertos.14aRegiones áridasxClima.14aRegiones áridasxMeteorología.